000 00702cam a22002413a 4500
001 32482
003 PGUSA
005 20140828083713.0
008 100522s2010||||xxu|||||s|||||000 | eng d
040 _aPGUSA
_beng
042 _adc
050 4 _aT
050 4 _aQ
100 1 _aMulthauf, Robert P.,
_d1919-2004
245 1 4 _aThe Introduction of Self-Registering Meteorological Instruments
_h[electronic resource] /
_cRobert P. Multhauf
260 _bProject Gutenberg,
_c2010
506 _aPublic domain in the USA.
516 _aElectronic text
653 _aMeteorological instruments
830 0 _aProject Gutenberg
_v32482
856 4 0 _uhttp://www.gutenberg.org/ebooks/32482
942 _cEB
999 _c261737
_d261737